01390nam a2200349 a 4500001001200000003000800012006001900020007001500039008004100054010001700095015001900112016001800131020001800149020001500167040002100182035002100203050002500224082001700249100002900266245010300295260005800398300003900456504006600495533015200561600003000713650005600743651004800799655002900847700002100876710001700897856012600914ebr10288465CaPaEBRm u cr cn|||||||||081104s2008 enkabg sb 001 0beng  z 2008300712 aGBA8877262bnb7 z0146680672Uk z9780199289844 z0199289840 aCaPaEBRcCaPaEBR a(OCoLC)31490293814aPR3581b.C295 2008eb04a821.4aB2221 aCampbell, Gordon,d1944-10aJohn Miltonh[electronic resource] :blife, work, and thought /cGordon Campbell, Thomas N. Corns. aOxford ;aNew York :bOxford University Press,c2008. axiii, 488 p. :bill., maps, music. aIncludes bibliographical references (p. [446]-472) and index. aElectronic reproduction.bPalo Alto, Calif. :cebrary,d2013.nAvailable via World Wide Web.nAccess may be limited to ebrary affiliated libraries.10aMilton, John,d1608-1674. 0aPoets, EnglishyEarly modern, 1500-1700vBiography. 0aGreat BritainxHistoryyStuarts, 1603-1714. 7aElectronic books.2local1 aCorns, Thomas N.2 aebrary, Inc.40uhttp://site.ebrary.com/lib/rucke/Doc?id=10288465zAn electronic book accessible through the World Wide Web; click to view